| 000 | 00374nam a2200145Ia 4500 | ||
|---|---|---|---|
| 008 | 230917s9999||||xx |||||||||||||| ||und|| | ||
| 040 |
_e187702 _aMAIN |
||
| 041 | _aEnglish | ||
| 082 | _a783 M687V | ||
| 100 | _aMishra, Kanta Prasad | ||
| 245 | 0 | _aVoiceculture: Gyan evam prampara | |
| 260 |
_aNew Delhi _bKanishka Publishers _c2011 |
||
| 300 | _aix, 207 p. | ||
| 942 | _cBK | ||
| 999 |
_c162453 _d162453 |
||